| 000 | 01469cam a2200481 4500 | ||
|---|---|---|---|
| 003 | PE-LiUPU | ||
| 005 | 20250731173033.0 | ||
| 020 | _a0687002427 | ||
| 035 | _a(Sirsi) i9780687002429 | ||
| 035 | _a(Sirsi) 24749 | ||
| 035 | _a(Sirsi) 24749 | ||
| 041 | _aen | ||
| 044 | _aus | ||
| 082 | 0 | 4 |
_a252 _bP67 |
| 245 | 1 | 4 |
_aThe past speaks to the futur : _b50 years of the protestant hour / _cDouglass M. Bailey ... [et al.]. |
| 264 | 1 |
_aNasville, TN : _bAbingdon Press, _c1995. |
|
| 300 |
_a190 páginas ; _c22 cm. |
||
| 505 | 0 | _aSermons on Psalm, Matthew, Luke, John, and Galatians. | |
| 526 | _aSEG42 | ||
| 526 | _aSEG41 | ||
| 526 | _aSEG40 | ||
| 526 | _aSEG39 | ||
| 526 | _aP94 | ||
| 526 | _aP87 | ||
| 526 | _aP86 | ||
| 526 | _aP85 | ||
| 526 | _aP77 | ||
| 526 | _aP76 | ||
| 526 | _aP35 | ||
| 650 | 1 | 4 |
_aSermones americanos _ySiglo XX. |
| 650 | 1 | 4 |
_aIglesias Protestantes _zEstados Unidos _vSermones. |
| 700 | 1 | _aBailey, Douglass M. | |
| 700 | 1 |
_aLundblad, Barbara _eed. |
|
| 700 | 1 |
_aQuick, William K. _eed. |
|
| 700 | 1 |
_aRedhead, John _eed. |
|
| 700 | 1 |
_aVannorsdall et al, John _eed. |
|
| 942 |
_2ddc _cBOOK |
||
| 949 |
_a252 P67 _i48237 _lPOSTGRADO _mBUL _tLIBRO _o.STAFF. Colección General |
||
| 910 | _aaj-op | ||
| 596 | _a1 | ||
| 999 |
_a252 P67 _wDEWEY _c25340 _i48237 _f2021-11-12 _g4 _lCCODEBUL1 _mBUL _r0 _sY _tBOOK _u2015-6-24 _xTEOLOGIA _PP35 _0COMPRA _o.STAFF. Colección General _d25340 |
||
| 980 |
_81 _gALBERTO SANCHEZ Responsable de Automatización |
||